Day or Night in Movie Titles Quiz Stats

 Plays Quiz Updated Oct 7, 2017

Challenge
Share
Tweet
Embed
Score 0/50 Timer 06:00
1 Play Today
Question Answer Wrong Answers
Independence _____ (1996)
Will Smith, Bill Pullman
Day
94.9%
Night
0.3%
Groundhog _____ (1993)
Bill Murray, Andie MacDowell
Day
94.6%
Night
0.7%
The _____ After Tomorrow (2004)
Dennis Quaid, Emmy Rossum
Day
94.5%
Night
0.7%
Die Another _____ (2002)
Pierce Brosnan, Halle Berry
Day
94.3%
Night
0.8%
Terminator 2: Judgment _____ (1991)
Arnold Schwarzenegger, Linda Hamilton
Day
94.1%
Night
1.1%
_____ at the Museum (2006)
Ben Stiller, Robin Williams
Night
94%
Day
1.2%
Ferris Bueller's _____ Off (1986)
Matthew Broderick, Alan Ruck
Day
94%
Night
1.4%
Date _____ (2010)
Steve Carell, Tina Fey
Night
93.9%
Day
1.4%
How to Lose a Guy in 10 _____ (2003)
Kate Hudson, Matthew McConaughey
Days
93.9%
Nights
1.4%
Prom _____ (1980)
Leslie Nielsen, Jamie Lee Curtis
Night
93.7%
Day
1.5%
Training _____ (2001)
Denzel Washington, Ethan Hawke
Day
93.7%
Night
1.5%
Fright _____ (2011)
Anton Yelchin, Colin Farrell
Night
93.6%
Day
1.6%
The _____ the Earth Stood Still (1951)
Michael Rennie, Patricia Neal
Day
93.5%
Night
1.7%
Into the _____ (1985)
Jeff Goldblum, Michelle Pfeiffer
Night
93.2%
Day
1.9%
Boogie _____ (1997)
Mark Wahlberg, Julianne Moore
Nights
93.1%
Days
2.1%
(500) _____ of Summer (2009)
Joseph Gordon-Levitt, Zooey Deschanel
Days
92.5%
Nights
2.9%
Patriots _____ (2016)
Mark Wahlberg, John Goodman
Day
91.3%
Night
3.8%
X-Men: _____ of Future Past (2014)
Hugh Jackman, Patrick Stewart
Days
91.3%
Nights
3.8%
We Own the _____ (2007)
Joaquin Phoenix, Mark Wahlberg
Night
90%
Day
5.2%
In the Heat of the _____ (1967)
Sidney Poitier, Rod Steiger
Night
89.6%
Day
5.7%
_____ Moves (2013)
Jesse Eisenberg, Dakota Fanning
Night
88.7%
Day
6.5%
_____ of Thunder (1990)
Tom Cruise, Nicole Kidman
Days
88.2%
Nights
7.2%
Harlem _____ (1989)
Eddie Murphy, Richard Pryor
Nights
87.4%
Days
7.9%
_____ of the Living Dead (1968)
Duane Jones, Judith O'Dea
Night
85.8%
Day
9.5%
A _____ at the Roxbury (1998)
Chris Kattan, Will Ferrell
Night
84%
Day
11.3%
Good _____, and Good Luck. (2005)
David Strathairn, George Clooney
Night
83.8%
Day
11.4%
Talladega _____: The Ballad of Ricky Bobby (2006)
Will Ferrell, John C. Reilly
Nights
83.1%
Days
12.1%
The _____ of the Dolphin (1973)
George C. Scott, Trish Van Devere
Day
83%
Night
12.2%
_____ of Heaven (1978)
Richard Gere, Brooke Adams
Days
80.4%
Nights
14.8%
It Happened One _____ (1934)
Clark Gable, Claudette Colbert
Night
79.4%
Day
15.8%
The _____ Porter (1974)
Dirk Bogarde, Charlotte Rampling
Night
78.9%
Day
16.2%
Three _____ of the Condor (1975)
Robert Redford, Faye Dunaway
Days
78.6%
Nights
16.5%
The Remains of the _____ (1993)
Anthony Hopkins, Emma Thompson
Day
77.7%
Night
17.3%
Hell _____ (1981)
Linda Blair, Vincent Van Patten
Night
77.3%
Day
17.7%
The 6th _____ (2000)
Arnold Schwarzenegger, Michael Rapaport
Day
76.5%
Night
18.7%
Bad _____ at Black Rock (1955)
Spencer Tracy, Robert Ryan
Day
75.3%
Night
19.9%
The Longest _____ (1962)
John Wayne, Richard Burton
Day
72.8%
Night
22.4%
The _____ of the Jackal (1973)
Edward Fox, Terence Alexander
Day
69.1%
Night
26.2%
_____ in Rodanthe (2008)
Richard Gere, Diane Lane
Nights
69%
Days
26.1%
The _____ of the Locust (1975)
Donald Sutherland, Karen Black
Day
68%
Night
27.2%
Run All _____ (2015)
Liam Neeson, Ed Harris
Night
66.2%
Day
28.9%
Radio _____ (1987)
Mia Farrow, Dianne Wiest
Days
65.1%
Nights
30.2%
Live by _____ (2016)
Ben Affleck, Elle Fanning
Night
65%
Day
30.1%
The _____ of the Hunter (1955)
Robert Mitchum, Shelley Winters
Night
64.5%
Day
30.9%
The _____ Before (2015)
Joseph Gordon-Levitt, Seth Rogen
Night
64.2%
Day
31.1%
The _____ of the Triffids (1963)
Howard Keel, Nicole Maurey
Day
62.1%
Night
32.8%
The _____ of the Iguana (1964)
Richard Burton, Ava Gardner
Night
56.8%
Day
38.3%
_____ of the Lepus (1972)
Stuart Whitman, Janet Leigh
Night
55.1%
Day
39.9%
Big _____ (1996)
Stanley Tucci, Minnie Driver
Night
51.3%
Day
43.9%
_____ on Earth (1991)
Winona Ryder, Gena Rowlands
Night
43.2%
Day
52%

You're not logged in!

Compare scores with friends on all Sporcle quizzes.
Join for Free
OR
Log In

You Might Also Like...

Show Comments

Extras

Top Quizzes Today


Score Distribution

Your Account Isn't Verified!

In order to create a playlist on Sporcle, you need to verify the email address you used during registration. Go to your Sporcle Settings to finish the process.

Report this User

Report this user for behavior that violates our Community Guidelines.

Details: